Countries With The Most Military Vehicles - Statistics

General Stats
  • This quiz has been taken 98 times
  • The average score is 16 of 20
Answer Stats
# Of Vehicles Answer % Correct
303 553 United States
100%
174 300 China
99%
151 641 Russia
99%
73 296 United Kingdom
97%
68 660 Germany
96%
72 676 France
94%
100 882 India
90%
68 508 Italy
90%
133 738 South Korea
87%
111 180 Japan
85%
69 685 Iran
82%
77 596 Egypt
81%
85 140 Saudi Arabia
78%
77 771 Pakistan
76%
50 712 Poland
76%
112 476 Turkey
72%
56 290 Israel
69%
55 740 Vietnam
57%
58 222 Greece
49%
44 432 Jordan
32%
No matching quizzes found
Score Distribution
Percent of People with Each Score
Percentile by Number Answered
Your Score History
You have not taken this quiz